[Event "Challenge"]
[Site "http://www.queenalice.com/game.php?id=698350"]
[Date "2009.12.15"]
[Round "-"]
[White "AnDante"]
[Black "eugenia"]
[Result "1-0"]
[WhiteElo "1406"]
[BlackElo "1033"]

1. d4 d5 2. Nd2 Nf6 3. f3 Bf5 4. g4 Bg6 5. Nh3 h6 6. e3 e6 7. c3 Bd6 8. g5 hxg5
9. Nb3 Nfd7 10. Na5 c5 11. Nxb7 Qc7 12. Qb3 c4 13. Qb5 a6 14. Nxd6+ Qxd6 15. Qa4
Bf5 16. Nxg5 Rxh2 17. Rxh2 Qxh2 18. b3 1-0

[Event "AUTO-OPEN-1805"]
[Site "http://www.queenalice.com/game.php?id=700705"]
[Date "2009.12.20"]
[Round "1"]
[White "rbivanov"]
[Black "AnDante"]
[Result "1-0"]
[WhiteElo "1773"]
[BlackElo "1385"]

1. e4 e5 2. Nf3 f6 3. Bc4 Ne7 4. d4 d6 5. h3 Nbc6 6. Be3 Nb4 7. a3 Nbc6 8. O-O
Bd7 9. c3 h5 10. Nbd2 a6 11. Re1 Bg4 12. hxg4 hxg4 13. Nh2 Rxh2 14. Kxh2 Qd7 15.
d5 Na5 16. f3 g3+ 17. Kxg3 g5 18. b4 Nxc4 19. Nxc4 Qb5 20. Qe2 O-O-O 21. a4 Qd7
22. Reb1 Bg7 23. b5 f5 24. Bxg5 f4+ 25. Kf2 Ng6 26. Bxd8 Qxd8 27. bxa6 Qh4+ 28.
Kg1 bxa6 29. Nxd6+ cxd6 30. Qxa6+ Kd8 31. Qxd6+ Ke8 32. Rb8+ Kf7 33. Rb7+ Kg8
34. Qxg6 Qd8 35. Qxg7# 1-0

[Event "AUTO-OPEN-1805"]
[Site "http://www.queenalice.com/game.php?id=700706"]
[Date "2009.12.20"]
[Round "1"]
[White "AnDante"]
[Black "rbivanov"]
[Result "0-1"]
[WhiteElo "1410"]
[BlackElo "1673"]

1. d4 d5 2. e3 Bf5 3. Ne2 e6 4. Qd2 Nc6 5. c3 Qd6 6. Na3 O-O-O 7. Nf4 g6 8. Nb5
Qe7 9. h3 h5 10. Qd1 Bg7 11. b4 Nf6 12. g4 hxg4 13. hxg4 Rxh1 14. gxf5 gxf5 15.
Qa4 Ng4 16. Ke2 Qh4 17. Nxa7+ Nxa7 18. Qxa7 Qxf2+ 19. Kd3 Rxf1 20. Nh3 Rd1+ 21.
Bd2 Rxd2# 0-1

[Event "AUTO-OPEN-1805"]
[Site "http://www.queenalice.com/game.php?id=700725"]
[Date "2009.12.20"]
[Round "1"]
[White "RDario"]
[Black "AnDante"]
[Result "1-0"]
[WhiteElo "1818"]
[BlackElo "1267"]

1. d4 d6 2. Nf3 f6 3. e4 Bg4 4. Nc3 c6 5. Be2 Bxf3 6. Bxf3 b5 7. O-O h5 8. Bxh5+
g6 9. Bxg6+ Kd7 10. Qg4+ e6 11. d5 1-0

[Event "AUTO-OPEN-1805"]
[Site "http://www.queenalice.com/game.php?id=700726"]
[Date "2009.12.20"]
[Round "1"]
[White "AnDante"]
[Black "RDario"]
[Result "0-1"]
[WhiteElo "1265"]
[BlackElo "1820"]

1. e3 d5 2. Qf3 Nc6 3. c3 Nf6 4. h3 g6 5. Bb5 Bg7 6. d4 O-O 7. Bxc6 bxc6 8. Nd2
Ba6 9. h4 Bd3 10. g4 Ne4 11. b3 Nxd2 0-1

[Event "AUTO-OPEN-1805"]
[Site "http://www.queenalice.com/game.php?id=700737"]
[Date "2009.12.20"]
[Round "1"]
[White "AnDante"]
[Black "Lopesq"]
[Result "0-1"]
[WhiteElo "1405"]
[BlackElo "1664"]

1. d4 d5 2. Nd2 Bf5 3. Ngf3 e6 4. Nb3 Be7 5. h3 Nf6 6. Bf4 c6 7. Qd2 Nbd7 8.
O-O-O Nb6 9. e3 O-O 10. Rh2 Ne4 11. Qe2 Nc4 12. Qe1 a5 13. g4 Bg6 14. a4 b5 15.
axb5 cxb5 16. Bd3 a4 17. Bxc4 dxc4 18. Nbd2 a3 19. Nxe4 Bxe4 20. Ne5 a2 21. Kd2
Bb4+ 22. c3 Ba5 23. Qf1 Bxc3+ 24. Kxc3 Qa5+ 25. b4 Qa3+ 26. Kd2 Qb2+ 27. Ke1
a1=Q 28. f3 Qxd1+ 29. Kxd1 Ra1# 0-1

[Event "AUTO-OPEN-1805"]
[Site "http://www.queenalice.com/game.php?id=700738"]
[Date "2009.12.20"]
[Round "1"]
[White "Lopesq"]
[Black "AnDante"]
[Result "1-0"]
[WhiteElo "1736"]
[BlackElo "1361"]

1. Nf3 f6 2. d4 e6 3. e4 d6 4. c4 Ne7 5. Nc3 c6 6. Be2 g5 7. Ng1 Ng6 8. Bh5 Nd7
9. Be3 Nb6 10. b3 a5 11. a4 d5 12. cxd5 Qc7 13. dxc6 Qxc6 14. Rc1 f5 15. exf5
Qxg2 16. Bf3 Qxg1+ 17. Rxg1 h6 18. fxg6 Bb4 19. Bh5 Ke7 20. Qd3 Nd5 21. Bxg5+
hxg5 22. Rxg5 Rxh5 23. Rxh5 Nf4 24. Qe4 Nxh5 25. Qh4+ Nf6 26. g7 Bd7 27. Kd2 Bc6
28. Re1 Rd8 29. Kd3 e5 30. Rxe5+ Kf7 31. Qh8 Rxh8 32. gxh8=Q Bxc3 33. Kxc3 Ng4
34. Qh5+ Kf6 35. Qxg4 1-0

[Event "AUTO-INT-1554"]
[Site "http://www.queenalice.com/game.php?id=700845"]
[Date "2009.12.20"]
[Round "1"]
[White "rbivanov"]
[Black "AnDante"]
[Result "1-0"]
[WhiteElo "1797"]
[BlackElo "1286"]

1. e4 e5 2. Nf3 f6 3. Nc3 c6 4. Bc4 Ne7 5. O-O d6 6. d3 Kd7 7. d4 Qe8 8. h3 Kc7
9. Be3 h5 10. d5 Bg4 11. dxc6 bxc6 12. hxg4 hxg4 13. Nh2 Qh5 14. Qxd6+ Kxd6 15.
Rfd1+ Kc7 16. Na4 Qxh2+ 17. Kf1 Qh1+ 18. Ke2 Qxg2 19. Nc5 Rh2 20. Ne6+ Kb7 21.
Nc5+ Kc7 22. Ne6+ Kb7 23. Nc5+ Kb6 24. Ne6+ Ka5 25. Bd2+ Kb6 26. Be3+ c5 27.
Bxc5+ Kc6 28. Rd6+ Kb7 29. Nxf8 Qf3+ 30. Kd2 Rxf2+ 31. Bxf2 Qxf2+ 32. Kc3 Qe3+
33. Kb4 1-0

[Event "AUTO-INT-1554"]
[Site "http://www.queenalice.com/game.php?id=700846"]
[Date "2009.12.20"]
[Round "1"]
[White "AnDante"]
[Black "rbivanov"]
[Result "0-1"]
[WhiteElo "1288"]
[BlackElo "1795"]

1. d4 d5 2. Nd2 Nc6 3. c3 Bf5 4. e3 a6 5. Qb3 b5 6. Ngf3 e6 7. h3 Bd6 8. g4 Bg6
9. a4 Nf6 10. Rg1 O-O 11. axb5 axb5 12. Rxa8 Qxa8 13. Qxb5 Rb8 14. Qe2 Ne4 15.
Nxe4 Bxe4 16. Ng5 Qa1 17. Qd2 Rxb2 18. Qxb2 Qa5 19. Bd2 Bg6 20. c4 Qa4 21. Be2
h6 22. Nf3 Be4 23. Nh4 Be7 24. cxd5 Bxh4 25. Bb5 Qa7 26. dxc6 Bf6 27. Ke2 Qb8
28. f3 Bxc6 29. g5 Bxb5+ 30. Kd1 hxg5 31. Ke1 c5 32. Kf2 cxd4 33. exd4 g4 0-1

[Event "AUTO-INT-1554"]
[Site "http://www.queenalice.com/game.php?id=700857"]
[Date "2009.12.20"]
[Round "1"]
[White "Feijo"]
[Black "AnDante"]
[Result "1-0"]
[WhiteElo "2083"]
[BlackElo "1357"]

1. e4 e5 2. Nf3 f6 3. Nxe5 Ne7 4. Nf3 d6 5. Bc4 c6 6. Nc3 Kd7 7. d4 b5 8. Bb3
Qc7 9. O-O Kd8 10. Bf4 a5 11. a3 a4 12. Ba2 g5 13. Bg3 Kd7 14. e5 g4 15. exd6
Qb6 16. dxe7 Bxe7 17. Nh4 b4 18. axb4 Qxb4 19. Qxg4+ 1-0

[Event "AUTO-INT-1554"]
[Site "http://www.queenalice.com/game.php?id=700858"]
[Date "2009.12.20"]
[Round "1"]
[White "AnDante"]
[Black "Feijo"]
[Result "0-1"]
[WhiteElo "1359"]
[BlackElo "2081"]

1. e4 d5 2. Qf3 dxe4 3. Qxe4 Nf6 4. Qc4 Nc6 5. c3 e5 6. d3 Bd6 7. Be2 O-O 8. Bg5
h6 9. Bxf6 Qxf6 10. b4 Qg5 11. g3 Qc1+ 12. Bd1 Qb2 13. Ne2 Qxa1 14. Bc2 Qb2 15.
Kd2 e4 16. dxe4 Ne5 17. Qd5 Be6 18. Qxb7 Bc4 19. Nf4 Rfb8 0-1

[Event "AUTO-INT-1554"]
[Site "http://www.queenalice.com/game.php?id=700865"]
[Date "2009.12.20"]
[Round "1"]
[White "AnDante"]
[Black "robinud"]
[Result "0-1"]
[WhiteElo "1367"]
[BlackElo "1733"]

1. e3 e5 2. Nf3 Nc6 3. c3 d5 4. Bb5 Bd7 5. Bxc6 Bxc6 6. Nxe5 Qg5 7. f4 Qxg2 8.
Rf1 Bb5 9. Rf2 Qg1+ 10. Rf1 Qxf1# 0-1

[Event "AUTO-INT-1554"]
[Site "http://www.queenalice.com/game.php?id=700866"]
[Date "2009.12.20"]
[Round "1"]
[White "robinud"]
[Black "AnDante"]
[Result "1-0"]
[WhiteElo "1748"]
[BlackElo "1269"]

1. e4 e5 2. Nf3 f6 3. Bc4 Ne7 4. c3 Nec6 5. d4 d6 6. dxe5 Nxe5 7. Nxe5 dxe5 8.
Qxd8+ Kxd8 9. O-O Nd7 10. Rd1 Bc5 11. Be6 Ke7 12. Bb3 Nb6 13. a4 a5 14. Be3 Bxe3
15. fxe3 h5 16. Na3 c6 17. c4 Bg4 18. Rd2 c5 19. Nb5 h4 20. h3 Bd7 21. Nc7 Rac8
22. Nd5+ Nxd5 23. exd5 Rh5 24. Rf1 Rf8 25. e4 1-0

[Event "AUTO-OPEN-1814"]
[Site "http://www.queenalice.com/game.php?id=704062"]
[Date "2009.12.27"]
[Round "1"]
[White "AnDante"]
[Black "Nephi_R"]
[Result "0-1"]
[WhiteElo "1342"]
[BlackElo "1849"]

1. e4 d6 2. c4 Nf6 3. f3 g6 4. d3 Bg7 5. Qc2 Nc6 6. Be3 O-O 7. Qc3 Nxe4 8. Qc1
Nf6 9. a3 e5 10. Bg5 Nd4 11. Nd2 Qe8 12. Bxf6 Bxf6 0-1

[Event "AUTO-OPEN-1814"]
[Site "http://www.queenalice.com/game.php?id=704063"]
[Date "2009.12.27"]
[Round "1"]
[White "Nephi_R"]
[Black "AnDante"]
[Result "1-0"]
[WhiteElo "1851"]
[BlackElo "1340"]

1. d4 Nc6 2. Nf3 f6 3. e4 e6 4. Nh4 Qe7 5. c3 f5 6. g3 e5 7. Nxf5 Qf6 8. Be2 g6
9. Ne3 Bh6 10. Ng4 Qf7 11. Bxh6 d6 12. d5 Bxg4 13. Bxg4 1-0

[Event "AUTO-OPEN-1814"]
[Site "http://www.queenalice.com/game.php?id=704064"]
[Date "2009.12.27"]
[Round "1"]
[White "AnDante"]
[Black "somar96"]
[Result "0-1"]
[WhiteElo "1300"]
[BlackElo "2186"]

1. Nc3 d5 2. Nf3 d4 3. Ne4 Nc6 4. c3 e5 5. d3 Be7 6. h3 f5 7. Ned2 Nf6 8. h4 Ng4
9. g3 Be6 10. a3 O-O 11. Bh3 Bf6 12. Bxg4 fxg4 13. Nh2 Qd5 14. e4 dxe3 15. Ne4
exf2+ 16. Kxf2 Bxh4+ 17. Ke3 Be7 0-1

[Event "AUTO-OPEN-1814"]
[Site "http://www.queenalice.com/game.php?id=704065"]
[Date "2009.12.27"]
[Round "1"]
[White "somar96"]
[Black "AnDante"]
[Result "1-0"]
[WhiteElo "2185"]
[BlackElo "1302"]

1. e4 d6 2. d4 f5 3. Nc3 a6 4. Nf3 h6 5. Bd3 Nf6 6. exf5 g5 7. fxg6 Rg8 8. d5
Bg4 9. h3 Bxf3 10. Qxf3 c6 11. Bd2 Qb6 12. O-O-O cxd5 13. Nxd5 Nxd5 14. Qxd5 Rg7
15. Bxh6 Nd7 16. Bxg7 Bxg7 17. Qf7+ Kd8 18. Qxg7 1-0

[Event "AUTO-OPEN-1814"]
[Site "http://www.queenalice.com/game.php?id=704066"]
[Date "2009.12.27"]
[Round "1"]
[White "AnDante"]
[Black "tonycorreia"]
[Result "0-1"]
[WhiteElo "1292"]
[BlackElo "1735"]

1. d4 d5 2. Nc3 Nf6 3. h3 Na6 4. a3 Bf5 5. e3 h5 6. Bxa6 bxa6 7. Qf3 g6 8. Nge2
c6 9. Bd2 Bxc2 10. Rc1 Bd3 11. Nf4 Bc4 0-1

[Event "AUTO-OPEN-1814"]
[Site "http://www.queenalice.com/game.php?id=704067"]
[Date "2009.12.27"]
[Round "1"]
[White "tonycorreia"]
[Black "AnDante"]
[Result "1-0"]
[WhiteElo "1737"]
[BlackElo "1290"]

1. e4 e5 2. Nc3 c6 3. Bc4 Nf6 4. a4 Bc5 5. Bb3 Qa5 6. Qf3 b5 7. g4 d6 8. h3 h5
9. g5 b4 10. Nce2 O-O 11. gxf6 gxf6 12. Qxf6 Nd7 13. Qg6+ Kh8 14. Bxf7 1-0

[Event "AUTO-INT-1561"]
[Site "http://www.queenalice.com/game.php?id=704247"]
[Date "2009.12.27"]
[Round "1"]
[White "AnDante"]
[Black "Landoaldojr"]
[Result "0-1"]
[WhiteElo "1346"]
[BlackElo "1645"]

1. Nc3 Nf6 2. f3 e6 3. e4 Bc5 4. Nh3 O-O 5. Bc4 c6 6. a3 d5 7. exd5 exd5 8. Bd3
Re8+ 9. Kf1 Qe7 10. b4 Bd4 11. Rb1 b5 12. Ne2 Be5 13. f4 Bd6 0-1

[Event "AUTO-INT-1561"]
[Site "http://www.queenalice.com/game.php?id=704248"]
[Date "2009.12.27"]
[Round "1"]
[White "Landoaldojr"]
[Black "AnDante"]
[Result "1-0"]
[WhiteElo "1641"]
[BlackElo "1350"]

1. Nf3 f6 2. e3 Nc6 3. Be2 a6 4. O-O d5 5. d4 Kd7 6. Nh4 Kd6 7. Bg4 e6 8. f4 b5
9. c3 f5 10. Nxf5+ Kd7 11. Ng3 h5 12. Nxh5 Qh4 13. g3 Qe7 14. Nd2 1-0